En (re)construcción: discurso, identidad y nación en los manuales escolares de historia y de ciencias sociales

Kaydedildi:
Detaylı Bibliyografya
Yazar: Oteíza Silva, Teresa (editora)
Diğer Yazarlar: Pinto, Derrin (editora), Barletta, Norma (autora), Mizuno, Jorge (autor), Giudice, Jacqueline (autora), Moyano, Estela Inés (autora), Chamorro, Diana (autora), Moss, Gillian (autora), Atienza Cerezo, Encarna (autora), Fernández Darraz, María Cecilia (autora)
Materyal Türü: Kitap
Dil:İngilizce
Baskı/Yayın Bilgisi: Santiago, Chile: Cuarto Propio, 2011
Edisyon:1ª edición
Seri Bilgileri:Ensayo / Discurso
Konular:
Etiketler: Etiketle
Etiket eklenmemiş, İlk siz ekleyin!

MARC

LEADER 00000nam a22000007a 4500
003 CL-VaPUC
005 20221215174306.0
008 220404b2011 ||||| |||| 00| 0 eng d
999 |c 435258  |d 435256 
020 |a 978-956-260-573-1 
040 |c Pontificia Universidad Católica de Valparaíso 
082 0 4 |2 21  |a 306.44 OTE 2011  
100 |a Oteíza Silva, Teresa  |e editora  |9 532604 
245 1 0 |a En (re)construcción: discurso, identidad y nación en los manuales escolares de historia y de ciencias sociales 
250 |a 1ª edición 
260 |a Santiago, Chile:  |b Cuarto Propio,  |c 2011 
300 |a 383 páginas 
490 0 |a Ensayo / Discurso 
500 |a C.1 Donación Familia profesor Giovanni Parodi S. Memo 01/2022. 25-03-2022 
583 |c 20220404  |k Catalogador Asistente 
650 1 |a Análisis critico del discurso  |9 868930 
650 1 |a Libros de texto  |x Investigaciones  |z América Latina  |9 868931 
650 1 |a Lenguaje e historia  |z América Latina  |9 868932 
650 1 |a Nacionalismo  |x Identidad cultural  |z América Latina  |9 868937 
700 |a Pinto, Derrin  |e editora  |9 867914 
700 |a Barletta, Norma   |e autora  |9 868938 
700 |a Mizuno, Jorge   |e autor  |9 868939 
700 |a Giudice, Jacqueline   |e autora  |9 868940 
700 |a Moyano, Estela Inés   |e autora  |9 868941 
700 |a Chamorro, Diana   |e autora  |9 868942 
700 |a Moss, Gillian   |e autora  |9 868943 
700 |a Atienza Cerezo, Encarna  |e autora  |9 868944 
700 |a Fernández Darraz, María Cecilia   |e autora  |9 868945 
942 |2 ddc  |c BK 
952 |0 0  |1 0  |2 ddc  |4 0  |6 306_440000000000000_OTE_2011  |7 0  |8 C_GPS  |9 582396  |a FDOPOS  |b FDOPOS  |d 2022-04-04  |e Donación  |i 5650630  |o 306.44 OTE 2011  |p 5650630  |r 2025-01-22  |t 1  |w 2022-04-04  |y BK  |k MLA